| 000 | 00350nam a2200133Ia 4500 | ||
|---|---|---|---|
| 008 | 240624s9999 xx 000 0 und d | ||
| 041 | _aeng | ||
| 082 | _a519 GAN | ||
| 100 | _aGANESAN K | ||
| 245 | _aPROCEEDINGS OF THE NATIONAL CONFERENCE O | ||
| 260 |
_c2008 _aNew Delhi _bNarosa Publishing House Pvt. Ltd. |
||
| 300 | _a302 : p. | ||
| 365 |
_cRS _b30 |
||
| 999 |
_c12637 _d12637 |
||